[Event "SVK-chT2A 0708"]
[Site "Slovakia"]
[Date "2008.01.12"]
[Round "7.8"]
[White "Sosovicka, Juraj"]
[Black "Feiler, Peter"]
[Result "1-0"]
[WhiteElo "1902"]
[BlackElo "1898"]
[PlyCount "73"]
[EventDate "2007.10.06"]
[EventType "team-tourn"]
[EventRounds "11"]
[EventCountry "SVK"]
[SourceTitle "EXT 2010"]
[Source "ChessBase"]
[SourceDate "2010.11.25"]
[SourceVersion "1"]
[SourceVersionDate "2010.11.25"]
[SourceQuality "1"]
[WhiteTeam "Devinska Nova Ves"]
[BlackTeam "Bratislava Doprastav III"]
[WhiteTeamCountry "SVK"]
[BlackTeamCountry "SVK"]

1. e4 e6 2. d4 d5 3. Nc3 Nf6 4. Bg5 Be7 5. e5 Nfd7 6. Bxe7 Qxe7 7. Bd3 a6 8. Qg4 f5 9. exf6 Nxf6 10. Qh4 Rf8 11. Bxh7 Nxh7 12. Qxh7 Qf6 13. Nf3 Nc6 14. 0-0-0 Bd7 15. Rhe1 0-0-0 16. Qd3 g5 17. Rd2 g4 18. Ne5 Nxe5 19. Rxe5 Qh4 20. Qg3 Rh8 21. Qxh4 Rxh4 22. Rg5 Rxh2 23. Rxg4 e5 24. Rg5 exd4 25. Nxd5 Be6 26. Rxd4 Bxd5 27. Rdxd5 Rxd5 28. Rxd5 Rxg2 29. Rf5 Rg1+ 30. Kd2 Kd7 31. Rf7+ Kd6 32. Kd3 Rd1+ 33. Kc3 Rd5 34. Rf4 Rd1 35. Rd4+ Rxd4 36. Kxd4 Ke6 37. Ke4 1-0

[Event "Bratislava Doprastav op"]
[Site "Bratislava"]
[Date "1998.??.??"]
[Round "3"]
[White "Kleman, Miroslav"]
[Black "Feiler, Peter"]
[Result "1-0"]
[WhiteElo "1945"]
[BlackElo "1745"]
[PlyCount "101"]
[EventDate "1998.??.??"]
[EventType "swiss"]
[EventRounds "9"]
[EventCountry "SVK"]
[SourceTitle "EXT 1999"]
[Source "ChessBase"]
[SourceDate "1998.11.16"]
[SourceVersion "1"]
[SourceVersionDate "1998.11.16"]
[SourceQuality "1"]

1. e4 e5 2. Nc3 Nc6 3. g3 Nf6 4. Bg2 Bc5 5. Nf3 0-0 6. Nxe5 Nxe5 7. d4 Bxd4 8. Qxd4 d6 9. 0-0 Re8 10. f4 Nc6 11. Qf2 Ng4 12. Qd2 Bd7 13. b3 Rb8 14. Bb2 f5 15. Rad1 fxe4 16. Nxe4 Bf5 17. h3 Bxe4 18. Bxe4 Nf6 19. Bg2 Qe7 20. Rfe1 Qf7 21. g4 Rxe1+ 22. Rxe1 Re8 23. c4 Rxe1+ 24. Qxe1 Qe8 25. Qd2 Nd8 26. g5 Nd7 27. Bd5+ Kf8 28. Qc3 Qe7 29. Kf2 Nc5 30. Qc2 g6 31. b4 Nce6 32. Bf6 Qe8 33. f5 gxf5 34. Qxf5 Qf7 35. c5 c6 36. Bxe6 Nxe6 37. cxd6 Ke8 38. Qf3 Kd7 39. Be7 Qg6 40. h4 h5 41. gxh6 Qxh6 42. Qf7 Qd2+ 43. Kg3 Qe3+ 44. Kg4 Qe4+ 45. Kh5 Qe5+ 46. Kh6 Qh8+ 47. Kg6 Nf4+ 48. Qxf4 Qg8+ 49. Kh5 Qh7+ 50. Kg4 Qg6+ 51. Bg5 1-0

[Event "Bratislava Doprastav op"]
[Site "Bratislava"]
[Date "1997.??.??"]
[Round "9"]
[White "Lukac, Stefan"]
[Black "Feiler, Peter"]
[Result "0-1"]
[WhiteElo "1935"]
[BlackElo "1655"]
[PlyCount "138"]
[EventDate "1997.??.??"]
[EventType "swiss"]
[EventRounds "9"]
[EventCountry "SVK"]
[SourceTitle "EXT 1999"]
[Source "ChessBase"]
[SourceDate "1998.11.16"]
[SourceVersion "1"]
[SourceVersionDate "1998.11.16"]
[SourceQuality "1"]

1. Nf3 Nf6 2. c4 e6 3. Nc3 d5 4. d4 Nbd7 5. cxd5 exd5 6. Bg5 c6 7. e3 Bd6 8. Be2 h6 9. Bh4 Nf8 10. Ne5 Ng6 11. Nxg6 fxg6 12. Qb3 Qc7 13. Bxf6 gxf6 14. Bf3 f5 15. Rc1 Qf7 16. g3 0-0 17. 0-0 Be6 18. a4 Kg7 19. Bg2 Rab8 20. Ne2 g5 21. f4 g4 22. h3 h5 23. hxg4 hxg4 24. Kf2 Rbe8 25. Rh1 Bc8 26. Rh2 Rh8 27. Rch1 Rxh2 28. Rxh2 Kg6 29. Rh1 Qe7 30. Qd3 a5 31. Nc3 Qf6 32. Qf1 Rh8 33. Qc1 Qg7 34. Rxh8 Qxh8 35. Qc2 Qf8 36. Na2 Be6 37. Nc1 Qe7 38. Nd3 Qc7 39. Bf1 Qh7 40. Nc5 Bxc5 41. Qxc5 Qc7 42. Qc2 Qc8 43. Kg1 Kg7 44. Qc5 Qd8 45. Qa7 Qc7 46. Be2 Bc8 47. Qc5 b6 48. Qc2 Kf6 49. Bf1 Kg6 50. Bg2 Be6 51. Bf1 Bc8 52. Be2 Kf6 53. Bd3 Qd6 54. Qh2 Kg7 55. Qc2 Kf6 56. Qb3 Qc7 57. Qa3 Qe7 58. Qc3 Qxe3+ 59. Kf1 Qf3+ 60. Ke1 Qxg3+ 61. Kd1 Bd7 62. Qd2 Qg1+ 63. Qe1 Qxe1+ 64. Kxe1 c5 65. dxc5 bxc5 66. b3 Kg6 67. Kf2 Be6 68. Bb5 d4 69. Bc4 Bxc4 0-1

[Event "Bratislava Doprastav op"]
[Site "Bratislava"]
[Date "1997.??.??"]
[Round "2"]
[White "Misecka, Rastislav"]
[Black "Feiler, Peter"]
[Result "1/2-1/2"]
[WhiteElo "2005"]
[BlackElo "1655"]
[PlyCount "42"]
[EventDate "1997.??.??"]
[EventType "swiss"]
[EventRounds "9"]
[EventCountry "SVK"]
[SourceTitle "EXT 1999"]
[Source "ChessBase"]
[SourceDate "1998.11.16"]
[SourceVersion "1"]
[SourceVersionDate "1998.11.16"]
[SourceQuality "1"]

1. e4 d6 2. d4 g6 3. Nf3 Bg7 4. Be2 Nf6 5. Nc3 Bg4 6. 0-0 Nbd7 7. h3 Bxf3 8. Bxf3 0-0 9. Be3 Rc8 10. Qd2 Re8 11. Rfe1 a6 12. e5 dxe5 13. dxe5 Nxe5 14. Bxb7 Rb8 15. Bxa6 Rxb2 16. Qxd8 Rxd8 17. Bc1 Rxc2 18. Rxe5 Rxc3 19. Re1 e6 20. a4 Nd5 21. Bb2 Nb4 1/2-1/2

[Event "Bratislava Doprastav op"]
[Site "Bratislava"]
[Date "1997.??.??"]
[Round "8"]
[White "Soltes, Milan"]
[Black "Feiler, Peter"]
[Result "0-1"]
[WhiteElo "1810"]
[BlackElo "1655"]
[PlyCount "45"]
[EventDate "1997.??.??"]
[EventType "swiss"]
[EventRounds "9"]
[EventCountry "SVK"]
[SourceTitle "EXT 1999"]
[Source "ChessBase"]
[SourceDate "1998.11.16"]
[SourceVersion "1"]
[SourceVersionDate "1998.11.16"]
[SourceQuality "1"]

1. e4 d6 2. d4 Nf6 3. Nc3 g6 4. f4 Bg7 5. e5 dxe5 6. fxe5 Bg4 7. Be2 Bxe2 8. Ngxe2 Nd5 9. 0-0 e6 10. Rf3 Nc6 11. Nxd5 Qxd5 12. Be3 Rd8 13. c3 Nxe5 14. Rg3 Nc6 15. Qa4 0-0 16. Qc2 Qd6 17. Rf1 e5 18. Qc1 exd4 19. cxd4 Bxd4 20. Nxd4 Nxd4 21. Rd1 Ne2+ 22. Kf2 Qxd1 23. Qxc7 0-1